Normal view MARC view

Entry Topical Term

Number of records used in: 3

001 - CONTROL NUMBER

  • control field: 5257

003 - CONTROL NUMBER IDENTIFIER

  • control field: OSt

005 - DATE AND TIME OF LATEST TRANSACTION

  • control field: 20150611181721.0

008 - FIXED-LENGTH DATA ELEMENTS

  • fixed length control field: 150611|| aca||aabn | a|a d

040 ## - CATALOGING SOURCE

  • Original cataloging agency: OSt
  • Transcribing agency: OSt

150 ## - HEADING--TOPICAL TERM

  • Topical term or geographic name entry element: Orthodontics

670 ## - SOURCE DATA FOUND

  • Source citation: Work cat.: (OSt): Millett, Declan 5256, Orthodontics & paediatric dentistry, 2013